[Event "25. Copenhagen Open  (Politiken Cup)"]
[Site "Copenhagen"]
[Date "2003.07.18"]
[Round "5"]
[White "Larsen, Alex"]
[Black "Jensen, Benjamin Lau"]
[Result "0-1"]
[WhiteElo "1305"]
[BlackElo "1699"]
[PlyCount "70"]
[EventDate "2003.07.14"]
[EventType "swiss"]
[EventRounds "11"]
[EventCountry "DEN"]
[SourceDate "2004.01.01"]

1. d4 Nf6 2. Nc3 e6 3. e4 Bb4 4. Bd3 b5 5. Nf3 Bb7 6. Qe2 O-O 7. O-O Bxc3 8.
bxc3 d6 9. Bg5 h6 10. Bh4 g5 11. Bg3 a6 12. Nd2 Nbd7 13. f4 Qe7 14. fxg5 hxg5
15. Rf2 c5 16. dxc5 Nxc5 17. Raf1 Ne8 18. e5 Nxd3 19. cxd3 dxe5 20. Bxe5 f6 21.
Bd4 Rd8 22. Be3 Nc7 23. Nb3 Qg7 24. Bc5 Rf7 25. d4 Bd5 26. Bb6 Bc4 27. Qe1 Bxf1
28. Bxc7 Rxc7 29. Qxe6+ Qf7 30. Qxf7+ Kxf7 31. Rxf1 Rxc3 32. Rf2 b4 33. Rd2 Rd5
34. g4 a5 35. Nc5 Rcxc5 0-1

[Event "25. Copenhagen Open  (Politiken Cup)"]
[Site "Copenhagen"]
[Date "2003.07.18"]
[Round "5"]
[White "Larsen, Allan"]
[Black "Pallesen, Jacob"]
[Result "1-0"]
[WhiteElo "2160"]
[BlackElo "2056"]
[PlyCount "83"]
[EventDate "2003.07.14"]
[EventType "swiss"]
[EventRounds "11"]
[EventCountry "DEN"]
[SourceDate "2004.01.01"]

1. e4 c5 2. Nf3 d6 3. d3 Nc6 4. g3 g6 5. Bg2 Bg7 6. O-O Bd7 7. h3 Rb8 8. Ng5 h6
9. Nf3 b5 10. Nh4 a5 11. f4 a4 12. a3 Nd4 13. Nc3 Qa5 14. Nd5 Nf6 15. Ne3 Nh7
16. g4 b4 17. Nc4 Qc7 18. Kh1 Bb5 19. Ne3 Bc6 20. f5 g5 21. f6 Bxf6 22. Nhf5
Nxf5 23. Nxf5 bxa3 24. Rxa3 Nf8 25. c3 Ng6 26. Qf3 Ne5 27. Qe2 Bb5 28. c4 Bd7
29. Ng3 Rh7 30. Rxf6 exf6 31. Nh5 Qd8 32. Qf2 Kf8 33. Nxf6 Rg7 34. Be3 Rg6 35.
Nd5 Rb3 36. Rxb3 axb3 37. Bxc5 Nxd3 38. Bxd6+ Rxd6 39. Qd4 Rxd5 40. exd5 Nf4
41. Qh8+ Ke7 42. d6+ 1-0

[Event "25. Copenhagen Open  (Politiken Cup)"]
[Site "Copenhagen"]
[Date "2003.07.18"]
[Round "5"]
[White "Larsen, Steen Skovlund"]
[Black "Andersson, Christin"]
[Result "1/2-1/2"]
[WhiteElo "2310"]
[BlackElo "2149"]
[PlyCount "35"]
[EventDate "2003.07.14"]
[EventType "swiss"]
[EventRounds "11"]
[EventCountry "DEN"]
[SourceDate "2004.01.01"]

1. c4 Nf6 2. Nc3 d5 3. cxd5 Nxd5 4. Nf3 Nc6 5. d4 g6 6. e4 Nxc3 7. bxc3 Bg7 8.
Bg5 O-O 9. Qd2 Qd6 10. e5 Qd5 11. Bh6 Bg4 12. Be2 Rfd8 13. Bxg7 Kxg7 14. Qe3 f6
15. O-O fxe5 16. c4 Qd6 17. dxe5 Qd7 18. Rab1 1/2-1/2

[Event "25. Copenhagen Open  (Politiken Cup)"]
[Site "Copenhagen"]
[Date "2003.07.18"]
[Round "5"]
[White "Larsen, Ulrik"]
[Black "Semcesen, Daniel"]
[Result "0-1"]
[WhiteElo "1951"]
[BlackElo "2234"]
[PlyCount "76"]
[EventDate "2003.07.14"]
[EventType "swiss"]
[EventRounds "11"]
[EventCountry "DEN"]
[SourceDate "2004.01.01"]

1. e4 c5 2. Nf3 Nc6 3. d4 cxd4 4. Nxd4 Nf6 5. Nc3 e5 6. Ndb5 d6 7. Bg5 a6 8.
Na3 b5 9. Bxf6 gxf6 10. Nd5 f5 11. Bd3 Be6 12. O-O Bxd5 13. exd5 Ne7 14. c3 Bg7
15. Qh5 e4 16. Bc2 Qc8 17. Rae1 O-O 18. Bb3 a5 19. Qg5 Qd7 20. f3 h6 21. Qg3
Ng6 22. fxe4 f4 23. Rxf4 Be5 24. Qg4 Qa7+ 25. Rf2 Bxh2+ 26. Kf1 a4 27. Bd1 b4
28. Nc4 Rac8 29. e5 h5 30. Qxh5 Bg3 31. Ne3 Rc4 32. Bg4 Bxf2 33. Nf5 Rf4 34.
Nh6+ Kg7 35. Re4 Rh8 36. Rxf4 Rxh6 37. Qg5 Rh1+ 38. Ke2 Qe3# 0-1

[Event "25. Copenhagen Open  (Politiken Cup)"]
[Site "Copenhagen"]
[Date "2003.07.18"]
[Round "5"]
[White "Larsson, Nicolai"]
[Black "Remman, Frank"]
[Result "0-1"]
[WhiteElo "1238"]
[BlackElo "1548"]
[PlyCount "108"]
[EventDate "2003.07.14"]
[EventType "swiss"]
[EventRounds "11"]
[EventCountry "DEN"]
[SourceDate "2004.01.01"]

1. e4 c5 2. Nf3 e6 3. d4 cxd4 4. Nxd4 a6 5. Nc3 Qc7 6. Qd3 Nf6 7. g3 b5 8. a3
Bb7 9. Bg2 d6 10. f4 Nbd7 11. b4 Rc8 12. Bd2 Nb6 13. a4 bxa4 14. Nxa4 Nxa4 15.
Rxa4 e5 16. Nf5 Qxc2 17. Qxc2 Rxc2 18. Kd1 Rc8 19. Re1 g6 20. fxe5 dxe5 21. Ne3
Bg7 22. Nd5 Nxd5 23. exd5 O-O 24. Ra3 f5 25. Bc3 Rfd8 26. Re2 Bxd5 27. Bxd5+
Rxd5+ 28. Bd2 Bh6 29. Rxa6 Rcd8 30. Ra2 Kf7 31. Ke1 Bxd2+ 32. Raxd2 Rxd2 33.
Rxd2 Rxd2 34. Kxd2 Ke6 35. Kc3 Kd5 36. Kd3 g5 37. Kc3 h5 38. h3 f4 39. g4 hxg4
40. hxg4 e4 41. b5 Kc5 42. b6 Kxb6 43. Kd4 e3 44. Kd3 Kc5 45. Kc3 Kd5 46. Kd3
Ke5 47. Ke2 Ke4 48. Ke1 Kf3 49. Kf1 Kg3 50. Ke1 Kg2 51. Ke2 f3+ 52. Kxe3 f2 53.
Ke4 f1=Q 54. Ke5 Kg3 0-1

[Event "25. Copenhagen Open  (Politiken Cup)"]
[Site "Copenhagen"]
[Date "2003.07.18"]
[Round "5"]
[White "Laursen, Niels Norskov"]
[Black "Rasmussen, Henning"]
[Result "1/2-1/2"]
[WhiteElo "2109"]
[BlackElo "1816"]
[PlyCount "170"]
[EventDate "2003.07.14"]
[EventType "swiss"]
[EventRounds "11"]
[EventCountry "DEN"]
[SourceDate "2004.01.01"]

1. e4 e6 2. d4 d5 3. Nd2 Nf6 4. e5 Nfd7 5. Bd3 c5 6. c3 Nc6 7. Ne2 cxd4 8. cxd4
Qb6 9. Nf3 Bb4+ 10. Bd2 Bxd2+ 11. Qxd2 Qb4 12. Rc1 Qxd2+ 13. Kxd2 f6 14. Bb5
Ndb8 15. Ke3 Bd7 16. Bxc6 Nxc6 17. h4 Ke7 18. h5 Rac8 19. Nf4 fxe5 20. dxe5 Nb4
21. Nd3 Nxd3 22. Kxd3 Rxc1 23. Rxc1 Rc8 24. Rxc8 Bxc8 25. Nd4 Bd7 26. a3 Kf7
27. Ke3 h6 28. Kf4 g6 29. hxg6+ Kxg6 30. Kg4 a6 31. Kh4 h5 32. f3 Bc8 33. g4
hxg4 34. fxg4 Bd7 35. Nb3 b6 36. Nd4 Kh6 37. Ne2 a5 38. Nd4 Kg6 39. Ne2 Kh6 40.
Nf4 d4 41. g5+ Kh7 42. Kg3 Bb5 43. Kf2 Bc4 44. Kf3 a4 45. Ke4 d3 46. Ke3 Kg7
47. Kd2 Kf7 48. Kc3 Kg7 49. Nh3 Ba6 50. Nf4 Bc4 51. Nxd3 Bxd3 52. Kxd3 Kg6 53.
Kc4 Kxg5 54. Kb5 Kf5 55. Kxb6 Kxe5 56. Kb5 Kd4 57. Kxa4 e5 58. Kb3 Kd3 59. a4
e4 60. a5 e3 61. a6 e2 62. a7 e1=Q 63. a8=Q Qe6+ 64. Ka3 Qd6+ 65. b4 Kc4 66.
Qe4+ Kb5 67. Qb7+ Qb6 68. Qd5+ Ka6 69. Ka4 Ka7 70. Qd7+ Kb8 71. Qe8+ Kb7 72.
Qe7+ Kb8 73. Qe5+ Kb7 74. b5 Ka7 75. Kb4 Kb7 76. Qd5+ Kb8 77. Kc4 Ka7 78. Qd7+
Kb8 79. Kd5 Ka8 80. Qc6+ Kb8 81. Kd6 Qd8+ 82. Kc5 Qf8+ 83. Kd5 Qf3+ 84. Ke6
Qg4+ 85. Kd6 Qg3+ 1/2-1/2

[Event "25. Copenhagen Open  (Politiken Cup)"]
[Site "Copenhagen"]
[Date "2003.07.18"]
[Round "5"]
[White "Liden, Tommy"]
[Black "Jiretorn, Eva"]
[Result "0-1"]
[WhiteElo "1883"]
[BlackElo "2146"]
[PlyCount "120"]
[EventDate "2003.07.14"]
[EventType "swiss"]
[EventRounds "11"]
[EventCountry "DEN"]
[SourceDate "2004.01.01"]

1. e4 c5 2. Nf3 d6 3. d4 cxd4 4. Nxd4 Nf6 5. f3 Nc6 6. c4 Qb6 7. Nc2 g6 8. Nc3
Bg7 9. Rb1 Nb4 10. Ne3 Be6 11. a3 Nc6 12. Na4 Qc7 13. Nd5 Bxd5 14. exd5 Ne5 15.
Nc3 O-O 16. Nb5 Qc8 17. Bf4 Nfd7 18. Bg5 Re8 19. f4 a6 20. Nd4 Nxc4 21. Rc1 Ne3
22. Rxc8 Nxd1 23. Rxa8 Rxa8 24. Kxd1 Bxd4 25. Bxe7 Nc5 26. Kc2 Rc8 27. Bxd6
Na4+ 28. Kb3 b5 29. Be7 Bxb2 30. Bb4 Re8 31. Bd3 f5 32. Rd1 Bf6 33. Rc1 Nb6 34.
d6 Rc8 35. Re1 Kf7 36. g3 Nd7 37. Ka2 Bd8 38. Re2 Nb6 39. h3 Bf6 40. Bc2 Rc6
41. g4 Nc4 42. gxf5 Nxd6 43. fxg6+ hxg6 44. Rd2 Nf5 45. Bb3+ Kg7 46. Bd5 Rc1
47. Kb3 Nd4+ 48. Ka2 Nc2 49. Bc5 a5 50. Be4 a4 51. Rd7+ Kh8 52. Rd8+ Bxd8 53.
Kb2 Re1 54. Bxg6 Ne3 55. Bd4+ Kg8 56. f5 Nc4+ 57. Kc3 Nxa3 58. f6 Bxf6 59. Bxf6
Re6 60. Kb4 Rxf6 0-1

[Event "25. Copenhagen Open  (Politiken Cup)"]
[Site "Copenhagen"]
[Date "2003.07.18"]
[Round "5"]
[White "Madsen, Poul Henrik"]
[Black "Rasmussen, Jens"]
[Result "0-1"]
[WhiteElo "2080"]
[BlackElo "1638"]
[PlyCount "80"]
[EventDate "2003.07.14"]
[EventType "swiss"]
[EventRounds "11"]
[EventCountry "DEN"]
[SourceDate "2004.01.01"]

1. d4 d5 2. Nf3 Nf6 3. c3 e6 4. Bf4 c5 5. e3 Qb6 6. Qc2 Bd7 7. a4 Nc6 8. Ne5
Rc8 9. Nxc6 Bxc6 10. Nd2 cxd4 11. exd4 Bd7 12. Bd3 h6 13. a5 Qd8 14. O-O g5 15.
Be5 Bg7 16. f4 Nh5 17. Nf3 gxf4 18. Bxg7 Nxg7 19. Ne5 Nf5 20. Bxf5 exf5 21.
Nxd7 Qxd7 22. Rae1+ Kd8 23. Rxf4 Re8 24. Rxe8+ Qxe8 25. Qxf5 Qe3+ 26. Kh1 Rc7
27. h3 Rd7 28. Qf6+ Re7 29. Qxh6 Qc1+ 30. Kh2 Kd7 31. Qg5 Qxb2 32. Qxd5+ Ke8
33. Re4 Qxc3 34. Rxe7+ Kxe7 35. Qxb7+ Kf8 36. Qb8+ Ke7 37. Qxa7+ Ke6 38. Qb6+
Kd7 39. Qb5+ Ke6 40. Qc6+ Qxc6 0-1

[Event "25. Copenhagen Open  (Politiken Cup)"]
[Site "Copenhagen"]
[Date "2003.07.18"]
[Round "5"]
[White "Malmberg, Mio"]
[Black "Hanssen, Gunnar Berg"]
[Result "1/2-1/2"]
[WhiteElo "2095"]
[BlackElo "2280"]
[PlyCount "61"]
[EventDate "2003.07.14"]
[EventType "swiss"]
[EventRounds "11"]
[EventCountry "DEN"]
[SourceDate "2004.01.01"]

1. d4 Nf6 2. c4 e6 3. Nc3 Bb4 4. e3 O-O 5. Nge2 d5 6. a3 Be7 7. Nf4 c6 8. Bd3
Nbd7 9. cxd5 Nxd5 10. Qc2 Nxf4 11. exf4 Nf6 12. Be3 h6 13. h3 Nd5 14. Nxd5 cxd5
15. O-O a5 16. Kh1 Bd6 17. Qe2 Bd7 18. Rg1 Qf6 19. g3 Rfc8 20. Kg2 Rc7 21. Rad1
Rac8 22. Qd2 Ba4 23. Rc1 b6 24. Ba6 Rxc1 25. Rxc1 Rxc1 26. Qxc1 Qd8 27. Bd3 Qc7
28. Qxc7 Bxc7 29. f5 Bd7 30. fxe6 fxe6 31. g4 1/2-1/2

[Event "25. Copenhagen Open  (Politiken Cup)"]
[Site "Copenhagen"]
[Date "2003.07.18"]
[Round "5"]
[White "Manley, Christian"]
[Black "Skjoldan, Benjamin"]
[Result "0-1"]
[WhiteElo "1613"]
[BlackElo "2092"]
[PlyCount "58"]
[EventDate "2003.07.14"]
[EventType "swiss"]
[EventRounds "11"]
[EventCountry "DEN"]
[SourceDate "2004.01.01"]

1. c4 g6 2. Nc3 Bg7 3. d4 c5 4. d5 Bxc3+ 5. bxc3 f5 6. d6 e6 7. Nf3 Nc6 8. h4
h6 9. Qd3 Nf6 10. Bf4 Ng4 11. e4 Qf6 12. exf5 gxf5 13. g3 e5 14. Bg5 Qe6 15.
Qd2 hxg5 16. Nxg5 Qf6 17. Bh3 b6 18. O-O-O Bb7 19. Bxg4 fxg4 20. Qd5 O-O-O 21.
Rhf1 Na5 22. Qf7 Rdf8 23. Qe7 e4 24. Kc2 Bc6 25. Rde1 Ba4+ 26. Kb1 Qxc3 27.
Qxe4 Bc6 28. Qxg4 Nxc4 29. Re2 Na3# 0-1

[Event "25. Copenhagen Open  (Politiken Cup)"]
[Site "Copenhagen"]
[Date "2003.07.18"]
[Round "5"]
[White "Matthiesen, Martin"]
[Black "Skytte, Rasmus"]
[Result "1/2-1/2"]
[WhiteElo "2260"]
[BlackElo "2404"]
[PlyCount "79"]
[EventDate "2003.07.14"]
[EventType "swiss"]
[EventRounds "11"]
[EventCountry "DEN"]
[SourceDate "2004.01.01"]

1. e4 c5 2. Nf3 e6 3. d4 cxd4 4. Nxd4 Nf6 5. Nc3 Nc6 6. Ndb5 Bb4 7. a3 Bxc3+ 8.
Nxc3 d5 9. exd5 exd5 10. Bd3 O-O 11. O-O Bg4 12. Ne2 Re8 13. Bg5 Qe7 14. f3 Bh5
15. Kh1 Bg6 16. Nc3 Rad8 17. Re1 Qxe1+ 18. Qxe1 Rxe1+ 19. Rxe1 Bxd3 20. cxd3
Kf8 21. Bxf6 gxf6 22. f4 Nd4 23. Kg1 Rd6 24. Kf2 a5 25. b4 axb4 26. axb4 Nc2
27. Rb1 d4 28. Ne2 Ra6 29. Rb2 Ne3 30. Kf3 Rd6 31. Ra2 Rd7 32. Ra8+ Ke7 33. Rh8
Nc2 34. b5 f5 35. Ng3 Ne1+ 36. Ke2 Nxg2 37. Kf3 Ne1+ 38. Ke2 Ng2 39. Kf3 Ne1+
40. Ke2 1/2-1/2

[Event "25. Copenhagen Open  (Politiken Cup)"]
[Site "Copenhagen"]
[Date "2003.07.18"]
[Round "5"]
[White "Michelakis, George"]
[Black "Bohlke, Christian"]
[Result "1-0"]
[WhiteElo "2405"]
[BlackElo "2205"]
[PlyCount "105"]
[EventDate "2003.07.14"]
[EventType "swiss"]
[EventRounds "11"]
[EventCountry "DEN"]
[SourceDate "2004.01.01"]

1. Nf3 Nf6 2. c4 c5 3. Nc3 Nc6 4. d4 cxd4 5. Nxd4 g6 6. g3 Bg7 7. Bg2 O-O 8.
O-O Nxd4 9. Qxd4 d6 10. Qd3 Nd7 11. b3 a5 12. Rb1 Nc5 13. Qd2 Bd7 14. Ba3 Rb8
15. Rfd1 b6 16. Nd5 Be6 17. Qe3 Bxd5 18. Rxd5 Qc7 19. Rbd1 Ra8 20. h4 Ra7 21.
h5 Nb7 22. Rb5 Nc5 23. Bd5 e6 24. Bf3 Rb8 25. Kg2 a4 26. Bb4 axb3 27. axb3 Ra1
28. Rxa1 Bxa1 29. h6 Be5 30. Bc3 f6 31. Bg4 Bxc3 32. Qxc3 Kf7 33. Qe3 Qe7 34.
f4 Nd7 35. Bf3 Rc8 36. Qd4 Rc5 37. Rb4 Ra5 38. Kf2 Rc5 39. Qd2 Qf8 40. Ra4 Ke7
41. Ra7 Rc8 42. Qa2 Qd8 43. Qa6 f5 44. Kg2 Rc5 45. b4 Rc8 46. b5 d5 47. cxd5
exd5 48. Bxd5 Kd6 49. Bc6 Rc7 50. Qa3+ Nc5 51. Qe3 Ne4 52. Qd4+ Ke7 53. Qg7+
1-0

[Event "25. Copenhagen Open  (Politiken Cup)"]
[Site "Copenhagen"]
[Date "2003.07.18"]
[Round "5"]
[White "Mikkelsen, Nikolaj"]
[Black "Christensen, Bo Garner"]
[Result "0-1"]
[WhiteElo "2104"]
[BlackElo "2273"]
[PlyCount "62"]
[EventDate "2003.07.14"]
[EventType "swiss"]
[EventRounds "11"]
[EventCountry "DEN"]
[SourceDate "2004.01.01"]

1. e4 e5 2. Nf3 Nc6 3. Bb5 a6 4. Ba4 Nf6 5. O-O Be7 6. Re1 b5 7. Bb3 O-O 8. c3
d6 9. h3 h6 10. d4 Re8 11. Nbd2 Bf8 12. Bc2 Bb7 13. d5 Ne7 14. b3 c6 15. c4 Rc8
16. Nf1 Ng6 17. Ne3 Nf4 18. g3 Ng6 19. Nf5 cxd5 20. cxd5 Qc7 21. Bd3 Bxd5 22.
exd5 e4 23. Bb2 exd3 24. Qxd3 Nd7 25. N3d4 Nge5 26. Qd2 Qc5 27. Qe3 Nf6 28. Nc6
Qxe3 29. Rxe3 Nxd5 30. Rxe5 dxe5 31. Nxe5 g6 0-1

[Event "25. Copenhagen Open  (Politiken Cup)"]
[Site "Copenhagen"]
[Date "2003.07.18"]
[Round "5"]
[White "Mortensen, Henrik"]
[Black "Bleis, Christian"]
[Result "0-1"]
[WhiteElo "2027"]
[BlackElo "2252"]
[PlyCount "72"]
[EventDate "2003.07.14"]
[EventType "swiss"]
[EventRounds "11"]
[EventCountry "DEN"]
[SourceDate "2004.01.01"]

1. d4 Nf6 2. Nf3 c5 3. e3 b6 4. Bd3 Bb7 5. Nbd2 g6 6. O-O Bg7 7. Re1 O-O 8. c3
d6 9. e4 Nc6 10. Nf1 Nd7 11. Be3 e5 12. d5 Ne7 13. c4 h6 14. Qd2 Kh7 15. g4 Nf6
16. h3 Nxe4 17. Bxe4 f5 18. gxf5 gxf5 19. Bc2 Ng6 20. Ng3 Bc8 21. Nh5 f4 22.
Bxf4 exf4 23. Nxf4 Bf5 24. Nxg6 Bxg6 25. Bxg6+ Kxg6 26. Qd3+ Kf7 27. Re6 Kg8
28. Rae1 Rf4 29. Qg6 Rf7 30. Rxd6 Qf8 31. Re3 Rxf3 32. Rde6 Rf6 33. Qg2 Rxe6
34. dxe6 Re8 35. Qd5 Qe7 36. f4 Bd4 0-1

[Event "25. Copenhagen Open  (Politiken Cup)"]
[Site "Copenhagen"]
[Date "2003.07.18"]
[Round "5"]
[White "Moller, Arne"]
[Black "Lauritsen, Martin Lee"]
[Result "1-0"]
[WhiteElo "1975"]
[BlackElo "1687"]
[PlyCount "45"]
[EventDate "2003.07.14"]
[EventType "swiss"]
[EventRounds "11"]
[EventCountry "DEN"]
[SourceDate "2004.01.01"]

1. e4 c5 2. Nf3 Nc6 3. d4 cxd4 4. Nxd4 e5 5. Nb3 Be7 6. Nc3 Nf6 7. a3 O-O 8.
Bd3 d6 9. O-O Be6 10. Nd5 Kh8 11. c3 Rc8 12. Bc2 Qd7 13. f4 exf4 14. Bxf4 Ne5
15. Nxe7 Bxb3 16. Nxc8 Bxc2 17. Qxd6 Qxc8 18. Bxe5 Rd8 19. Qb4 Bxe4 20. Rxf6
Qg4 21. Rf2 a5 22. Qe7 Rd1+ 23. Rxd1 1-0

[Event "25. Copenhagen Open  (Politiken Cup)"]
[Site "Copenhagen"]
[Date "2003.07.18"]
[Round "5"]
[White "Moller, Frederik Oest"]
[Black "Christensen, Stefan"]
[Result "0-1"]
[WhiteElo "1928"]
[BlackElo "2221"]
[PlyCount "76"]
[EventDate "2003.07.14"]
[EventType "swiss"]
[EventRounds "11"]
[EventCountry "DEN"]
[SourceDate "2004.01.01"]

1. e4 e6 2. d4 d5 3. exd5 exd5 4. c4 Bb4+ 5. Nc3 Ne7 6. Nf3 O-O 7. Bd3 Nbc6 8.
a3 Bxc3+ 9. bxc3 dxc4 10. Bxc4 Nd5 11. Bd2 Re8+ 12. Be2 Qe7 13. c4 Nb6 14. Be3
f5 15. Ra2 f4 16. Bxf4 Nxc4 17. O-O Nb6 18. Bb5 Bg4 19. d5 Bxf3 20. Qxf3 Nd4
21. Qd3 Nxb5 22. Qxb5 Qf7 23. Bg3 Qxd5 24. Qxd5+ Nxd5 25. Raa1 c5 26. Rad1 Rad8
27. Rd3 Nf6 28. Rdd1 Rxd1 29. Rxd1 c4 30. h3 b5 31. Bh4 a5 32. Rb1 Rb8 33. Bg3
Rb7 34. f3 b4 35. Be1 Nd5 36. Kf2 c3 37. axb4 axb4 38. Rc1 b3 0-1

[Event "25. Copenhagen Open  (Politiken Cup)"]
[Site "Copenhagen"]
[Date "2003.07.18"]
[Round "5"]
[White "Nielsen, Borge Hjerrild"]
[Black "Nyback, Tomi"]
[Result "1/2-1/2"]
[WhiteElo "2134"]
[BlackElo "2483"]
[PlyCount "81"]
[EventDate "2003.07.14"]
[EventType "swiss"]
[EventRounds "11"]
[EventCountry "DEN"]
[SourceDate "2004.01.01"]

1. d4 Nf6 2. c4 c5 3. d5 b5 4. cxb5 a6 5. bxa6 g6 6. Nc3 Bxa6 7. e4 Bxf1 8.
Kxf1 d6 9. g3 Bg7 10. Kg2 O-O 11. Nf3 Nbd7 12. Re1 Ng4 13. Qe2 Nge5 14. Nd2 Nb6
15. f4 Ned7 16. a4 Ra7 17. a5 Na8 18. Nc4 Nc7 19. Bd2 Qb8 20. Ra3 Qb7 21. Rea1
Kh8 22. Qf3 Ra6 23. Re1 e6 24. e5 dxe5 25. d6 e4 26. Nxe4 Nb5 27. Rb3 Qc6 28.
Ng5 Nxd6 29. Qxc6 Rxc6 30. Nxd6 Rxd6 31. Ne4 Rd5 32. Re2 Ra8 33. Rb7 Kg8 34. b4
cxb4 35. Bxb4 e5 36. Rd2 Rxd2+ 37. Nxd2 Nb8 38. fxe5 Nc6 39. Nc4 Nxe5 40. Nxe5
Bxe5 41. Kf3 1/2-1/2

[Event "25. Copenhagen Open  (Politiken Cup)"]
[Site "Copenhagen"]
[Date "2003.07.18"]
[Round "5"]
[White "Nielsen, Jan Mose"]
[Black "Larsen, Karsten"]
[Result "1/2-1/2"]
[WhiteElo "2111"]
[BlackElo "2282"]
[PlyCount "70"]
[EventDate "2003.07.14"]
[EventType "swiss"]
[EventRounds "11"]
[EventCountry "DEN"]
[SourceDate "2004.01.01"]

1. d4 e6 2. e4 d5 3. Nc3 Bb4 4. exd5 exd5 5. Bd3 Nf6 6. Nge2 O-O 7. O-O h6 8.
Bf4 Re8 9. f3 b6 10. Qd2 Ba6 11. Rae1 Bxd3 12. Qxd3 c6 13. Ng3 Nbd7 14. a3 Bf8
15. Nf5 Rc8 16. Qa6 Nh5 17. Nd6 Bxd6 18. Bxd6 Qh4 19. Ne2 Qf6 20. Bg3 Nxg3 21.
hxg3 c5 22. c3 Qc6 23. Qd3 Nf6 24. Kf2 Rc7 25. Nf4 Rce7 26. Rxe7 Rxe7 27. Re1
Rxe1 28. Kxe1 Kf8 29. Kd2 g6 30. Qa6 cxd4 31. cxd4 Qc7 32. Qb5 Qd6 33. Qa6 Qc7
34. Qb5 Qd6 35. Qa6 Qc7 1/2-1/2

[Event "25. Copenhagen Open  (Politiken Cup)"]
[Site "Copenhagen"]
[Date "2003.07.18"]
[Round "5"]
[White "Nielsen, Jrgen Kamp"]
[Black "Salomonsen, Rune"]
[Result "0-1"]
[WhiteElo "1170"]
[BlackElo "1691"]
[PlyCount "30"]
[EventDate "2003.07.14"]
[EventType "swiss"]
[EventRounds "11"]
[EventCountry "DEN"]
[SourceDate "2004.01.01"]

1. e4 c5 2. f4 d5 3. exd5 Nf6 4. Bb5+ Bd7 5. Bxd7+ Qxd7 6. c4 e6 7. Qe2 Bd6 8.
d3 O-O 9. Nf3 exd5 10. O-O Nc6 11. cxd5 Nxd5 12. Ne5 Nxe5 13. fxe5 Rae8 14. Nd2
Bxe5 15. Qf3 Ne3 0-1

[Event "25. Copenhagen Open  (Politiken Cup)"]
[Site "Copenhagen"]
[Date "2003.07.18"]
[Round "5"]
[White "Nielsen, Michael B"]
[Black "Hansen, Ejlif Trier"]
[Result "1-0"]
[WhiteElo "1327"]
[BlackElo "1291"]
[PlyCount "33"]
[EventDate "2003.07.14"]
[EventType "swiss"]
[EventRounds "11"]
[EventCountry "DEN"]
[SourceDate "2004.01.01"]

1. e4 c5 2. Nf3 Nc6 3. d4 cxd4 4. Nxd4 e6 5. Nxc6 bxc6 6. Bd3 d5 7. O-O Nf6 8.
e5 Nd7 9. Re1 Bc5 10. Nd2 O-O 11. Nf3 h6 12. c3 Rb8 13. Qe2 Bb6 14. Nd4 Bxd4
15. cxd4 c5 16. Qg4 Kh8 17. Qh5 1-0

[Event "25. Copenhagen Open  (Politiken Cup)"]
[Site "Copenhagen"]
[Date "2003.07.18"]
[Round "5"]
[White "Nielsen, Palle"]
[Black "Lie, Terje"]
[Result "0-1"]
[WhiteElo "1650"]
[BlackElo "1000"]
[PlyCount "115"]
[EventDate "2003.07.14"]
[EventType "swiss"]
[EventRounds "11"]
[EventCountry "DEN"]
[SourceDate "2004.01.01"]

1. e4 d6 2. d4 Nf6 3. Nd2 g6 4. b3 Bg7 5. Bb2 O-O 6. c4 c5 7. d5 e5 8. Bd3 Qa5
9. Ne2 Bd7 10. O-O b5 11. cxb5 Bxb5 12. Bxb5 Qxb5 13. Nc3 Qd7 14. Qe2 Nh5 15.
Rfd1 f5 16. Nc4 f4 17. f3 Rf7 18. Rac1 Bf8 19. Na4 Qb5 20. Qe1 Nd7 21. Na5 Nb6
22. Nxc5 dxc5 23. Bxe5 Nd7 24. Bb2 Bd6 25. Nc4 Bc7 26. Qc3 Ng7 27. e5 Re7 28.
d6 Bxd6 29. Nxd6 Qb4 30. Qxb4 cxb4 31. Rc8+ Rxc8 32. Nxc8 Rf7 33. Nxa7 g5 34.
Nc6 h5 35. Nxb4 g4 36. Kf2 h4 37. fxg4 Nc5 38. Rd8+ Kh7 39. Kf3 Nce6 40. Rc8
Rd7 41. Rc4 Kg6 42. h3 Rd2 43. Rc2 Rd7 44. Ke4 Ne8 45. Rc6 N8g7 46. Na6 Rd2 47.
Bc1 Rd4+ 48. Kf3 Rd3+ 49. Ke2 Rd5 50. Bxf4 Kf7 51. Be3 Rxe5 52. Rc4 Ng5 53. Nc5
Kg6 54. Nd3 Re8 55. Nf4+ Kf7 56. Rc7+ Kg8 57. a4 Rb8 58. Rc3 {time} 0-1

[Event "25. Copenhagen Open  (Politiken Cup)"]
[Site "Copenhagen"]
[Date "2003.07.18"]
[Round "5"]
[White "Nielsen, Poul Bang"]
[Black "Bjornes, Leif"]
[Result "0-1"]
[WhiteElo "1100"]
[BlackElo "1652"]
[PlyCount "128"]
[EventDate "2003.07.14"]
[EventType "swiss"]
[EventRounds "11"]
[EventCountry "DEN"]
[SourceDate "2004.01.01"]

1. e4 c6 2. d4 d5 3. e5 Bf5 4. g4 Be4 5. f3 Bg6 6. h4 h5 7. g5 e6 8. Bd3 Bxd3
9. Qxd3 Ne7 10. Ne2 Nf5 11. Nf4 g6 12. Nd2 c5 13. dxc5 Nc6 14. Qb5 Qd7 15. b4
Nfd4 16. Qa4 Nxb4 17. Qxd7+ Kxd7 18. Rb1 Nbxc2+ 19. Kf2 Kc6 20. Nd3 Rb8 21. Bb2
Nf5 22. Nb3 Nce3 23. Na5+ Kc7 24. Rhc1 Be7 25. Nb4 Nc4 26. Nxc4 dxc4 27. Rxc4
Rhd8 28. Bc3 Rbc8 29. c6 Bxb4 30. cxb7+ Kxb7 31. Rcxb4+ Ka8 32. R1b3 Rd7 33.
Ra4 Rdc7 34. Raa3 Nxh4 35. Bd4 Rc2+ 36. Ke3 Nf5+ 37. Kd3 Nxd4 38. Kxd4 Rd8+ 39.
Ke3 Rdd2 40. Ra4 Rd7 41. Rab4 Rc8 42. a4 Rdc7 43. Kd3 Rc6 44. Rb7 Rc3+ 45. Kd2
Rxb3 46. Rxb3 Rc5 47. f4 Rc4 48. Ke3 a6 49. Rd3 Kb7 50. Rd7+ Rc7 51. Rd6 a5 52.
Kd4 Ka7 53. Kd3 Rb7 54. Kc4 Rb4+ 55. Kc5 Rxf4 56. Rd7+ Kb8 57. Kb6 Kc8 58. Ra7
Rxa4 59. Ra8+ Kd7 60. Ra7+ Ke8 61. Kc6 Kf8 62. Kd6 Rd4+ 63. Kc5 Rd5+ 64. Kb6
Rxe5 0-1

[Event "25. Copenhagen Open  (Politiken Cup)"]
[Site "Copenhagen"]
[Date "2003.07.18"]
[Round "5"]
[White "Nilsson, Jonas"]
[Black "Nielsen, Jens Holm"]
[Result "0-1"]
[WhiteElo "1631"]
[BlackElo "2102"]
[PlyCount "50"]
[EventDate "2003.07.14"]
[EventType "swiss"]
[EventRounds "11"]
[EventCountry "DEN"]
[SourceDate "2004.01.01"]

1. b4 e5 2. Bb2 f6 3. a3 d5 4. e3 Bd6 5. c4 c6 6. h3 Be6 7. Qc2 Ne7 8. Nf3 Qd7
9. d3 Ng6 10. Nbd2 O-O 11. Be2 Rc8 12. c5 Be7 13. Rc1 Na6 14. g4 Nc7 15. e4 Nf4
16. Bf1 Rd8 17. Rd1 dxe4 18. dxe4 Nd3+ 19. Qxd3 Qxd3 20. Bxd3 Rxd3 21. Ke2 Rad8
22. Ne1 R3d7 23. Nef3 Bf7 24. g5 Ne6 25. Nb1 Nf4+ 0-1